Statistiken für Mainz 05 Quiz

Klicken Sie hier um das Quiz zu spielen!

Allgemein

  • Dieses Quiz wurde 121 mal gespielt
    (47 seit der letzten Aktualisierung)
  • Das Durchschnittsergebnis liegt bei 6 aus 11

Antwortstatistiken

HintAntwort% Korrekt
Altes Stadion, welches heute von den Amateuren genutzt wirdStadion am Bruchweg
93%
Größter Rivale innerhalb RLP1. FC Kaiserslautern
90%
Trainer unter dem Mainz 05 das erste mal in die 1. Bundesliga aufgestiegen istJürgen Klopp
90%
Jahr des ersten Aufstiegs in die 1. Bundesliga2004
88%
Wir sind nur ein..?Karnevalsverein
83%
aktueller Trainer (Stand November 2023)Jan Siewert
52%
Der Trainer beim zweiten AufstiegJörn Andersen
40%
Trainer in den 90er Jahren, welcher als erster eine Viererkette im deutschen Profifussball spielen liesWolfgang Frank
38%
(Mitbe)Gründer des Vereins, welcher im KZ getötet wurdeEugen Salomon
36%
Die 05er gewannen diesen Titel 1982Deutsche Fussball Amateurmeisterschaft
17%
ehemaliger Vorsitzender, welcher unter ungeklärten Umständen bei einem Autounfall ums Leben gekommen istJürgen Jughard
2%

Verteilung der Resultate

Perzentil nach korrekt beantworteten Fragen

Anzahl Personen mit jedem Resultat

Ihre Resultats-Entwicklung

Sie haben dieses Quiz seit der letzten Aktualisierung nicht gespielt